Statistics for Kuran'da adı geçen peygamberler

Click here to take the quiz!

General Stats

  • This quiz has been taken 1 778 times
  • The average score is 13 of 25

Answer Stats

Answer% Correct
muhammed
97%
isa
91%
musa
86%
adem
83%
yusuf
80%
ibrahim
79%
nuh
73%
ismail
67%
davud
66%
yunus
59%
yakup
56%
süleyman
51%
ishak
44%
lut
44%
idris
42%
salih
38%
hud
37%
harun
35%
yahya
33%
şuayb
30%
ilyas
27%
elyesa
22%
eyyub
20%
zekeriyya
19%
zülkifl
14%

Score Distribution

Percentile by Number Answered

Percent of People with Each Score

Your Score History

You have not taken this quiz